Theory of knowledge for the IB Diploma / (Record no. 3507)

000 -LEADER
fixed length control field 01225cam a2200337 a 4500
001 - CONTROL NUMBER
control field 14330743
003 - CONTROL NUMBER IDENTIFIER
control field OSt
005 - DATE AND TIME OF LATEST TRANSACTION
control field 20161011161836.0
008 - FIXED-LENGTH DATA ELEMENTS--GENERAL INFORMATION
fixed length control field 060406s2005 enka d b 001 0 eng d
010 ## - LIBRARY OF CONGRESS CONTROL NUMBER
LC control number 2006296162
015 ## - NATIONAL BIBLIOGRAPHY NUMBER
National bibliography number GBA523136
Source bnb
016 7# - NATIONAL BIBLIOGRAPHIC AGENCY CONTROL NUMBER
Record control number 013135789
Source Uk
020 ## - INTERNATIONAL STANDARD BOOK NUMBER
International Standard Book Number 0521542987 (pbk.)
020 ## - INTERNATIONAL STANDARD BOOK NUMBER
International Standard Book Number 9780521542982
035 ## - SYSTEM CONTROL NUMBER
System control number (OCoLC)ocm58555775
040 ## - CATALOGING SOURCE
Original cataloging agency UKM
Transcribing agency UKM
Modifying agency BAKER
-- DLC
042 ## - AUTHENTICATION CODE
Authentication code lccopycat
050 00 - LIBRARY OF CONGRESS CALL NUMBER
Classification number BD161.L28 2005
082 04 - DEWEY DECIMAL CLASSIFICATION NUMBER
Classification number 121
Edition number 22
100 1# - MAIN ENTRY--PERSONAL NAME
Personal name Lagemaat, Richard van de.
245 10 - TITLE STATEMENT
Title Theory of knowledge for the IB Diploma /
Statement of responsibility, etc Richard van de Lagemaat.
260 ## - PUBLICATION, DISTRIBUTION, ETC. (IMPRINT)
Place of publication, distribution, etc Cambridge ;
-- New York :
Name of publisher, distributor, etc Cambridge University Press,
Date of publication, distribution, etc 2005.
300 ## - PHYSICAL DESCRIPTION
Extent viii, 472 p.
Other physical details ill. ;
Dimensions 25 cm.
504 ## - BIBLIOGRAPHY, ETC. NOTE
Bibliography, etc Includes bibliographical references and index.
650 #0 - SUBJECT ADDED ENTRY--TOPICAL TERM
Topical term or geographic name as entry element Knowledge, Theory of.
856 42 - ELECTRONIC LOCATION AND ACCESS
Materials specified Publisher description
Uniform Resource Identifier <a href="http://www.loc.gov/catdir/enhancements/fy0642/2006296162-d.html">http://www.loc.gov/catdir/enhancements/fy0642/2006296162-d.html</a>
856 41 - ELECTRONIC LOCATION AND ACCESS
Materials specified Table of contents only
Uniform Resource Identifier <a href="http://www.loc.gov/catdir/enhancements/fy0642/2006296162-t.html">http://www.loc.gov/catdir/enhancements/fy0642/2006296162-t.html</a>
906 ## - LOCAL DATA ELEMENT F, LDF (RLIN)
a 7
b cbc
c copycat
d 3
e ncip
f 20
g y-gencatlg
942 ## - ADDED ENTRY ELEMENTS (KOHA)
Source of classification or shelving scheme
Koha item type Book
Holdings
Withdrawn status Lost status Source of classification or shelving scheme Damaged status Not for loan Home library Current library Shelving location Date acquired Total Checkouts Full call number Barcode Date last seen Copy number Price effective from Koha item type
          Riara University Library Riara University Library General stack 11/10/2016   BD161.L28 2005 8680/16 11/10/2016 C.1 11/10/2016 Book

Riara University Library,
P.O. Box 49940-00100,
Nairobi, Kenya.